00491 a2200109 4500082001000000100001600010245015100026260008100177300003200258500003400290856005700324 aMIT-1 aUzair Ahmad aAn Integrated Approach for Extraction of Objects from XML-ized Database and Transformation to Heterogeneous Object Oriented DatabasescUzair Ahmad aIslamabad,bNUST School of Electrical Engineering & Computer Science,c2002. axi, 64 p. :bill. ;c27 cm. aSupervisor : Dr. Arshad Ali. uhttp://10.250.8.41:8080/xmlui/handle/123456789/31463